000
00195 a2200097 4500
001
1914
100
_a
245
_a
British commercial institutions
260
_a
_b
Harrap
_c
090
_c
1413
_d
1413
942
_a
NUST-CAE
_c
_c
4592
999
_c
236987
_d
236987